|
|
|
|
| LEADER |
00908nam a2200217 a 4500 |
| 001 |
002710292 |
| 008 |
090723r19941969ii 001 0 eng d |
| 020 |
|
|
|a 8185274894
|
| 040 |
|
|
|a Uk
|c Uk
|
| 082 |
0 |
4 |
|a 822.09
|2 20
|
| 245 |
1 |
0 |
|a Critics on Marlowe. Readings in literary criticism. /
|c Edited by Judith O'Neill.
|
| 260 |
|
|
|a London:
|a New Delhi: George Allen & Unwin;
|b Universal Book Stall, 1994.
|
| 300 |
|
|
|a pp. 127. 22 cm.
|
| 490 |
0 |
|
|a (Readings in literary criticism. no. 4.)
|
| 541 |
1 |
|
|e 00009356
|
| 600 |
0 |
0 |
|a Marlowe, Christopher,
|d 1564-1593 t Appendix.
|
| 700 |
1 |
|
|a O'NEILL, Judith,
|c of Cambridge.
|
| 852 |
4 |
|
|a Ayesha Abed Library
|j General Shelf.
|
| 942 |
0 |
0 |
|0 1
|
| 999 |
|
|
|c 2842
|d 2842
|
| 952 |
|
|
|0 0
|1 0
|2 ddc
|4 0
|6 822_090000000000000_CRI
|7 0
|9 2596
|a BRACUL
|b BRACUL
|c FIC
|d 2009-07-26
|g 0.00
|l 4
|m 11
|o 822.09 CRI
|p 3010009356
|r 2022-06-15
|s 2022-06-13
|t 1
|w 2009-07-26
|y BK
|x No price found in the accession register.
|